000
00236nam a2200109Ia 4500
008
190216s9999||||xx |||||||||||||| ||und||
100
_a
Varier
245
0
_a
Anubhavangal
260
_b
Dc Books
650
_a
Essay Malayalam
942
_c
BK
999
_c
25982
_d
25982